000 02675nam a22006134i 4500
003 PE-LiUPU
005 20250731165441.0
008 140221s2013 pe rb 000 0 spa d
020 _a9789972044106
020 _a9972044106
035 _a(Sirsi) i9789972044106
040 _aMXSCJ
_bspa
_cMXSCJ
_dPE-LiUPU
_erda
049 _aPRUA
050 4 _aQ179.94
_b.A72 2013
082 0 4 _a001.42
_bA65
100 1 _aAranzamendi Ninacondor, Lino,
_eautor.
245 1 0 _aGuía de redacción científica :
_busos de estilos : Humanístico, Chicago, APA, Vancouver /
_cLino Aranzamendi Ninacondor ; prólogo Lucas Lavado.
264 1 _aLima, Perú :
_bGrijley,
_c2013.
300 _a186 páginas. ;
_c25 centímetros.
336 _atext
_2rdacontent
337 _aunmediated
_2rdamedia
338 _avolume
_2rdacarrier
504 _aBibliografía : páginas 183-186.
505 0 _aEl lenguaje y la evolución de la comunicación científica -- La escritura y redacción científica -- Estilos en la comunicación científica.
526 _aSEG44
526 _aSEG26
526 _aP151
526 _aP150
526 _aP149
526 _aP146
526 _aP145
526 _aP126
526 _aP125
526 _aP92
526 _aP75
526 _aP74
526 _aP27
526 _aP15
541 _g001-000126;
541 _g0006-002570;
650 1 4 _aInvestigación científica.
700 1 _aLavado, Lucas,
_eprólogo.
910 _atvq
_bwelc
_cwelc
_d20160705
910 _adbm
_bksl
_cksl
_d20171205
942 _2ddc
_cBOOK
949 _a001.42 A65
_wDEWEY
_c1
_i73884
_lCCODEBUL1
_mBUL
_p16.75
_r0
_sY
_tBOOK
_u2016-7-18
_xEDUCACION
_PP20
_0COMPRA
_o.STAFF. Colección General
949 _a001.42 A65 013
_wDEWEY
_c1
_iFJ00624
_lCCODEBUJ1
_mBUJ
_p11.53
_r0
_sY
_tBOOK
_u2016-7-5
_xFCE
_PP04
_0COMPRA
_o.STAFF. Colección General Juliaca
994 _aC0
_bPEPRU
596 _a1 3
999 _a001.42 A65
_wDEWEY
_c10369
_iFJ00624
_d10369
_e2018-4-25
_f2021-12-27
_g4
_lCCODEBUJ1
_mBUJ
_n6
_p11.53
_q1
_r0
_sY
_tBOOK
_u2016-7-5
_xFCE
_zP04
_0COMPRA
_o.STAFF. Colección General Juliaca
999 _a001.42 A65
_wDEWEY
_c1
_i73884
_d2019-11-13
_e2019-11-11
_f2021-11-4
_g5
_lCCODEBUL1
_mBUL
_n6
_p16.75
_r0
_sY
_tBOOK
_u2016-7-18
_xBIBLIOTECA
_zP20
_0COMPRA
_o.STAFF. Colección General
999 _a001.42 A65
_wDEWEY
_c2
_i77397
_d2020-1-31
_e2020-1-28
_f2021-11-3
_g4
_lCCODEBUL1
_mBUL
_n5
_p14.21
_q2
_r0
_sY
_tBOOK
_u2017-12-5
_xSALUD
_zP79
_0COMPRA
_o.STAFF. Colección Ciencias de la Salud
980 _81
_gALBERTO SANCHEZ Responsable de Automatización